| 000 | 00479nam a2200145 u 4500 | ||
|---|---|---|---|
| 001 | 000020331 | ||
| 005 | 20200929170353.0 | ||
| 008 | 100813s1976 dr a 000 0 spa d | ||
| 020 | _a8437300010 | ||
| 040 |
_aDO-SdBNP _bspa _cBNPHU |
||
| 082 |
_axxxxxxxxx _bxxxxxxxxx |
||
| 245 | 0 | 0 |
_aRepública Dominicana en el Universo : _batlas geográfico, banco de datos. |
| 260 |
_aSanto Domingo : _bInstituto americano del libro _bEdiciones biblos, _c1976. |
||
| 300 |
_a80 p. : _bil. ; _c30 cm. |
||
| 999 |
_c19835 _d19835 |
||